Blind conscience (Record no. 45940)
[ view plain ]
| 000 -LEADER | |
|---|---|
| fixed length control field | 02380nam a2200337 a 4500 |
| 082 04 - DEWEY DECIMAL CLASSIFICATION NUMBER | |
| Classification number | 362.870994 |
| 100 1# - MAIN ENTRY--AUTHOR NAME | |
| Personal name | O'Neill, Margot. |
| 245 10 - TITLE STATEMENT | |
| Title | Blind conscience |
| 260 ## - PUBLICATION, DISTRIBUTION, ETC. (IMPRINT) | |
| Place of publication | Sydney : |
| Name of publisher | New South Wales, |
| Year of publication | 2008. |
| 300 ## - PHYSICAL DESCRIPTION | |
| Number of Pages | 286 p. |
| 500 ## - GENERAL NOTE | |
| General note | Includes index. |
| 520 ## - SUMMARY, ETC. | |
| Summary, etc | "Mandatory detention of asylum-seekers has been a prominent public issue for almost a decade. It has provoked shame and anger across society, been manipulated politically by all sides and has prompted many to become actively involved in campaigns in support of asylum-seekers. The government's recent response to the crisis precipitated by the arrivial of the West Papuans and the widespread protest that followed show that the refugee crisis is not over. Nevertheless the prospects for incarcerated asylum-seekers have improved markedly since the intervention of Petro Georgeiou and other federal Liberal backbenchers. This shift and the time that has passed since the Tampa incident, children overboard and near saturation coverage of individual asylum-seekers provide the opportunity for some reflection. Margot O'Neill has covered many angles of the story herself, but writes now about the way Australian society at large was affected. She uses individuals - activists, psychiatrists, lawyers, politicians, prison guards - with direct experience to tell the broader story. This gives the book a strong narrative drive and a powerful emotional charge."--Provided by publisher. |
| 650 #0 - SUBJECT ADDED ENTRY--TOPICAL TERM | |
| Topical Term | Refugees |
| Topical Term | Refugees |
| Topical Term | Refugees |
| 856 40 - ELECTRONIC LOCATION AND ACCESS | |
| Uniform Resource Identifier | http://site.ebrary.com/lib/rucke/Doc?id=10351552 |
No items available.
